7 Random Missing Countries on a Map - Statistics

General Stats
  • This quiz has been taken 180 times
  • The average score is 6 of 7
Answers on the Map
Answers color-coded by a green-red scale on the quiz's map according to % correct below.
 
Answer Stats
Country % Correct
Afghanistan
100%
Algeria
100%
Angola
100%
Argentina
100%
Armenia
100%
Australia
100%
Austria
100%
Bangladesh
100%
Belarus
100%
Belize
100%
Benin
100%
Bolivia
100%
Bosnia and Herzegovina
100%
Botswana
100%
Brazil
100%
Bulgaria
100%
Burkina Faso
100%
Cameroon
100%
Canada
100%
Central African Republic
100%
Chad
100%
China
100%
Colombia
100%
Costa Rica
100%
Croatia
100%
Cyprus
100%
Czech Republic
100%
Democratic Republic of the Congo
100%
Denmark
100%
Dominican Republic
100%
Ecuador
100%
Egypt
100%
El Salvador
100%
Eritrea
100%
Eswatini
100%
Ethiopia
100%
Fiji
100%
Finland
100%
France
100%
Germany
100%
Ghana
100%
Guatemala
100%
Guinea
100%
Guyana
100%
Hungary
100%
India
100%
Indonesia
100%
Iran
100%
Iraq
100%
Italy
100%
Ivory Coast
100%
Jordan
100%
Kazakhstan
100%
Kenya
100%
Kosovo
100%
Kyrgyzstan
100%
Libya
100%
Malawi
100%
Mali
100%
Mauritania
100%
Mauritius
100%
Mexico
100%
Moldova
100%
Mongolia
100%
Montenegro
100%
Morocco
100%
Mozambique
100%
Namibia
100%
Nepal
100%
Netherlands
100%
Nicaragua
100%
Niger
100%
Nigeria
100%
North Korea
100%
North Macedonia
100%
Norway
100%
Oman
100%
Pakistan
100%
Palau
100%
Panama
100%
Papua New Guinea
100%
Paraguay
100%
Peru
100%
Poland
100%
Portugal
100%
Qatar
100%
Romania
100%
Russia
100%
Saudi Arabia
100%
Senegal
100%
Serbia
100%
Seychelles
100%
Sierra Leone
100%
Slovakia
100%
Solomon Islands
100%
South Africa
100%
South Korea
100%
South Sudan
100%
Spain
100%
Sudan
100%
Suriname
100%
Sweden
100%
Switzerland
100%
Tanzania
100%
Thailand
100%
Togo
100%
Turkey
100%
Turkmenistan
100%
Tuvalu
100%
Uganda
100%
Ukraine
100%
United States
100%
Venezuela
100%
Yemen
100%
Zimbabwe
100%
Lesotho
89%
Greece
88%
Ireland
88%
Laos
88%
Belgium
86%
Comoros
86%
Haiti
86%
Guinea-Bissau
83%
Iceland
83%
Jamaica
83%
Rwanda
83%
Gabon
80%
Japan
80%
Micronesia
80%
Syria
80%
Uruguay
80%
Cambodia
75%
Estonia
75%
Kiribati
75%
Myanmar
75%
Tajikistan
75%
United Kingdom
75%
Zambia
75%
Bahamas
71%
Israel
71%
Marshall Islands
71%
Bhutan
67%
Djibouti
67%
Latvia
67%
Lebanon
67%
Lithuania
67%
Luxembourg
67%
Madagascar
67%
Maldives
67%
Philippines
67%
Republic of the Congo
67%
Slovenia
67%
Somalia
67%
Sri Lanka
67%
Tunisia
67%
Vietnam
63%
Georgia
60%
Malaysia
60%
New Zealand
60%
Uzbekistan
60%
Vanuatu
60%
Azerbaijan
57%
Cuba
50%
Equatorial Guinea
50%
Kuwait
50%
Liberia
50%
Malta
50%
São Tomé and Príncipe
50%
United Arab Emirates
50%
Burundi
43%
Trinidad and Tobago
43%
Albania
33%
Tonga
33%
Nauru
29%
East Timor
17%
Cape Verde
0%
Chile
0%
Gambia
0%
Honduras
0%
Samoa
0%
Taiwan
0%
No matching quizzes found
Score Distribution
Percent of People with Each Score
Percentile by Number Answered
Your Score History
You have not taken this quiz